| 000 | 02602cam a22003371i 4500 | ||
|---|---|---|---|
| 003 | SA-RiAUC | ||
| 005 | 20250803071534.0 | ||
| 006 | e a | ||
| 008 | 250729s1999 su a g b 000 0 ara c | ||
| 040 |
_aMA-HhKAF _bara _cSA-RiAUC. _erda |
||
| 043 | _aa-su--- | ||
| 050 | 4 | _bA67 1999 | |
| 072 | 7 | _aMAI | |
| 082 | 0 | 4 |
_a953.122 _qSA-RiAUC |
| 090 |
_a953.122 _b ا ن ص |
||
| 100 | 1 |
_aالأنصاري، عبد القدوس قاسم محمد، _d1324-1403 هجري _eمؤلف. |
|
| 245 | 1 | 0 |
_aآثار المدينة المنورة / _cعبد القدوس الأنصاري. |
| 250 | _aالطبعة الخامسة. | ||
| 264 | 1 |
_aجدة، السعودية : _bدارة مجلة المنهل، _c1999 |
|
| 300 |
_a266 صفحة : _bمصور ؛ _c24 سم. + _e1 خريطة |
||
| 336 |
_aنص _btxt _2rdacontent _3كتاب |
||
| 337 |
_aبدون وسيط _bn _2rdamedia |
||
| 338 |
_aمجلد _bnc _2rdacarrier |
||
| 504 | _aيشتمل على إرجاعات ببليوجرافية. | ||
| 651 | 7 |
_aالمدينة المنورة _xآثار _2aucsh |
|
| 651 | 7 |
_aالمدينة المنورة _xتاريخ _2aucsh |
|
| 856 |
_uhttp://dlib.nyu.edu/aco/book/nyu_aco001562/1?lang=ar _yDigital Copy _2 نرجو الانتباه لإمكانية وجود اختلاف في الطبعة أو الناشر بين البيانات على البوابة وما ستجده على الكتاب نظرا لمحدودية المعلومات المتاحة على الموقع الناشر للمادة. _3Please note that there may be a difference in the edition or publisher between the data on the portal and the book due to the limited information available on the publisher website for the material. |
||
| 856 |
_uhttp://dl-img.home.nyu.edu/adore-djatoka/resolver?url_ver=Z39.88-2004&svc_id=info%3Alanl-repo/svc/getRegion&svc_val_fmt=info%3Aofi/fmt%3Akev%3Amtx%3Ajpeg2000&svc.format=image/jpeg&rft_id=http%3A//dlib.nyu.edu/files/books/nyu_aco001562/nyu_aco001562_afr01_d.jp2&svc.scale=230 _yCoverImage _2 نرجو الانتباه لإمكانية وجود اختلاف في الطبعة أو الناشر بين البيانات على البوابة وما ستجده على الكتاب نظرا لمحدودية المعلومات المتاحة على الموقع الناشر للمادة. _3Please note that there may be a difference in the edition or publisher between the data on the portal and the book due to the limited information available on the publisher website for the material. |
||
| 942 |
_2ddc _cBOOK _n0 |
||
| 949 |
_aSA-JeALM _d250729 _umohamedma123 _n1 |
||
| 999 |
_c10492 _d10492 |
||